| 000 | 00823nam a2200193 i 4500 | ||
|---|---|---|---|
| 001 | 145165 | ||
| 003 | ES-MaACL | ||
| 005 | 20231228210626.0 | ||
| 007 | t| | ||
| 008 | 070214s1942 sp r ||||1| spa d | ||
| 100 | 1 |
_aSopeña Ibáñez, Federico, _d1917-1991 _9107321 |
|
| 245 | 1 | 0 |
_aDos años de música en Europa _b: (Mozart-Bayreuth-Strawinsky) / _cFederico Sopeña Ibáñez. |
| 260 |
_aMadrid : _bEspasa-Calpe, _c1942. |
||
| 300 |
_a140 p. ; _c19 cm. |
||
| 505 | 8 | _aContiene: Mozart; Bayreuth; Strawinsky; Isaac Albéniz; Joaquín Turina; Mauricio Ravel; Alfredo Casella y su última sinfonía; Manuel de Falla y el Retablo de Maese Pedro; Ernesto Halffter y su Sinfonietta; Joaquín Rodrigo y el Concierto de Aranjuez. | |
| 650 | 0 | 0 |
_aMúsica- _yS.XX. _915401 |
| 852 |
_aES-MaACL _jB-9838 |
||
| 999 |
_c145165 _d145165 |
||